Länder, die A-Z am meisten enthalten - Statistiken

Allgemein
  • Dieses Quiz wurde 111 mal gespielt
  • Das Durchschnittsergebnis liegt bei 10 aus 26
Antwortstatistiken
Buchstabe Vorkommen des Buchstabens Land % Korrekt
F 1 Afghanistan | Burkina Faso | Elfenbeinküste | Fidschi | Finnland | Föderierte Staaten von Mikronesien |Frankreich | Südafrika
78%
A 4 Antigua und Barbuda | Äquatorial-Guinea | Madagaskar
73%
J 1 Jamaika | Japan | Jemen | Jordanien
72%
B 2 Antigua und Barbuda | Barbados | Simbabwe
66%
Z 1 Belize | Bosnien und Herzegowina | Nordmazedonien | Schweiz | Venezuela | Zentralafrikanische Republik | Zypern
65%
V 1 Bolivien | El Salvador | Föderierte Staaten von Mikronesien | Kap Verde | Kosovo | Malediven | St. Kitts und Nevis | St. Vincent und die Grenadinen | Tuvalu | Vanuatu | Vatikanstadt | Venezuela | Vereinigte Arabische Emirate | Vereinigte Staaten | Vereinigtes Königreich | Vietnam
65%
Y 1 Ägypten | Guyana | Libyen | Malaysia | Myanmar | Paraguay | Seychellen | Syrien | Uruguay | Zypern
52%
W 1 Bosnien und Herzegowina | Botswana | Eswatini | Kuwait | Malawi | Moldawien | Norwegen | Schweden | Schweiz | Simbabwe | Slowakei | Slowenien | Taiwan
51%
C 2 Costa Rica | Tschechien
51%
G 2 Georgien | Vereinigtes Königreich
44%
X 1 Luxemburg | Mexiko
39%
Q 1 Äquatorialguinea
38%
U 3 Antigua und Barbuda | Uruguay | Papua-Neuguinea
37%
E 6 Föderierte Staaten von Mikronesien | Vereinigte Arabische Emirate
33%
P 3 Philippinen
30%
O 3 Demokratische Republik Kongo | Föderierte Staaten von Mikronesien | Kosovo
25%
M 2 Mosambik | Myanmar
24%
K 3 Demokratische Republik Kongo
20%
T 3 Föderierte Staaten von Mikronesien | St. Kitts und Nevis | Vatikanstadt | Vereinigte Staaten
16%
D 3 St. Vincent und die Grenadinen | Trinidad und Tobago
15%
N 7 St. Vincent und die Grenadinen
14%
H 2 Tschechien
13%
I 4 Dominikanische Republik | Vereinigte Arabische Emirate | Vereinigtes Königreich
11%
R 3 Föderierte Staaten von Mikronesien | Vereinigte Arabische Emirate | Zentralafrikanische Republik
11%
S 3 St. Kitts und Nevis
8%
L 3 Marshallinseln
1%
Keine übereinstimmenden Quizze gefunden
Verteilung der Resultate
Anzahl Personen mit jedem Resultat
Perzentil nach korrekt beantworteten Fragen
Ihre Resultats-Entwicklung
Sie haben dieses Quiz noch nicht gespielt